| 000 | 00938nam a22002057a 4500 | ||
|---|---|---|---|
| 999 |
_c7871 _d7871 |
||
| 003 | AR-CdUCM | ||
| 008 | 190321b ||||| |||| 00| 0 spa d | ||
| 040 |
_aMUNICIPALIDAD PROVINCIAL DEL CUSCO _cBIBLIOTECA MUNICIPAL DEL CUSCO |
||
| 082 |
_22ed. _a343.6 / _bM83 |
||
| 100 |
_aMorón Urbina, Juan Carlos _922261 |
||
| 245 |
_aDerecho procesal administrativo : _bDoctrina, legislación, jurisprudencia, práctica administrativa / |
||
| 260 |
_aLima : _bRodhas, _c1999. |
||
| 300 |
_a831 páginas ; _c21 cm. |
||
| 505 | _aContenido: Derecho procesal administrativo -- El procedimiento administrativo -- Fuentes del derecho administrativo procesal -- Clasificación de procedimientos administrativos -- Procedimiento administrativo y proceso judicial ... | ||
| 650 |
_aProcedimiento administrativo _922262 |
||
| 650 |
_aDerecho procesal _98073 |
||
| 650 |
_aRecurso contencioso administrativo _922263 |
||
| 942 |
_2ddc _cLIBROS |
||
| 945 | _aafb | ||